Food chemistry Ed 3 (Record no. 165681)

MARC details
000 -LEADER
fixed length control field 00628nam a2200241Ia 4500
003 - CONTROL NUMBER IDENTIFIER
control field OSt
005 - DATE AND TIME OF LATEST TRANSACTION
control field 20230623110857.0
008 - FIXED-LENGTH DATA ELEMENTS--GENERAL INFORMATION
fixed length control field 210423s2008 xx 000 0 und d
020 ## - INTERNATIONAL STANDARD BOOK NUMBER
International Standard Book Number 978-81-8128-818-9
040 ## - CATALOGING SOURCE
Transcribing agency AL
041 ## - LANGUAGE CODE
Language code of text/sound track or separate title eng
082 ## - DEWEY DECIMAL CLASSIFICATION NUMBER
Classification number 664.07 BELF
100 ## - MAIN ENTRY--PERSONAL NAME
Personal name BELITZ(H D);GR0SCH (W.);SCHIEBERLE (P)
9 (RLIN) 101109
245 ## - TITLE STATEMENT
Title Food chemistry Ed 3
250 ## - EDITION STATEMENT
Edition statement 3
260 ## - PUBLICATION, DISTRIBUTION, ETC.
Place of publication, distribution, etc. New Delhi
Name of publisher, distributor, etc. Springer Pvt Ltd
Date of publication, distribution, etc. 2008
300 ## - PHYSICAL DESCRIPTION
Extent xliv,1070p
Other physical details PB
365 ## - TRADE PRICE
Price amount 1395
Currency code INR
650 ## - SUBJECT ADDED ENTRY--TOPICAL TERM
Topical term or geographic name entry element Chemical Engineering
9 (RLIN) 101110
650 ## - SUBJECT ADDED ENTRY--TOPICAL TERM
Topical term or geographic name entry element Food Technology
9 (RLIN) 101111
906 ## - LOCAL DATA ELEMENT F, LDF (RLIN)
a chemistry ; Ed3 ; Food
942 ## - ADDED ENTRY ELEMENTS (KOHA)
Source of classification or shelving scheme Dewey Decimal Classification
Koha item type Book
Holdings
Withdrawn status Lost status Damaged status Not for loan Collection code Home library Current library Date acquired Source of acquisition Cost, normal purchase price Total Checkouts Full call number Barcode Date last seen Date last checked out Price effective from Koha item type
        Food Science and Technology St Aloysius PG Library St Aloysius PG Library 07/18/2014 Intact Bookhouse 1395.00 1 664.07 BELF PG012179 09/18/2023 09/09/2023 04/26/2021 Book
        Food Science and Technology St Aloysius PG Library St Aloysius PG Library 12/29/2015 Intact Bookhouse 1395.00   664.07 BELF PG013980 08/24/2022   04/26/2021 Book
        Food Science and Technology St Aloysius PG Library St Aloysius PG Library 12/29/2015 Intact Bookhouse 1395.00   664.07 BELF PG013982 08/24/2022   04/26/2021 Reference